Tekst kolędy "Przybieżeli do Betlejem" - Statystyki

Ogólne statystyki
  • Ten quiz został rozwiązany 163 razy
  • Średni wynik to 9 z 12
Statystyki odpowiedzi
Tekst % Poprawnych
Przybieżeli do {Betlejem} pasterze,
100%
A {pokój} na ziemi.
94%
Chwała na wysokości, {chwała} na wysokości,
94%
Oddawali swe ukłony w {pokorze}
91%
Grając {skocznie} Dzieciąteczku na lirze.
90%
{Anioł} Pański sam ogłosił te dziwy,
85%
Których oni nie {słyszeli}, jak żywi.
78%
Tobie z serca {ochotnego}, o Boże!
75%
i {myśleli}, co to będzie za Dziecię?
49%
Trzej królowie podarunki {oddają}.
47%
Dziwili się {napowietrznej} muzyce
40%
{Oto} mu się wół i osioł kłaniają,
24%
Nie znaleziono quizów pasujących do podanych kryteriów
Rozkład punktacji
Procent ludzi z każdym wynikiem
Percentyl według liczby udzielonych odpowiedzi
Twoja historia wyników
Nie rozwiązałeś tego quizu